| 000 | 01256nam a22002417a 4500 | ||
|---|---|---|---|
| 999 |
_c22170 _d22170 |
||
| 003 | AR-CdUCM | ||
| 008 | 190425b ||||| |||| 00| 0 spa d | ||
| 040 |
_aMUNICIPALIDAD PROVINCIAL DEL CUSCO _cBIBLIOTECA MUNICIPAL DEL CUSCO |
||
| 082 | _aOropesa/N°56/2005 | ||
| 245 |
_aOropesa : _brevista de cultura y educación de opinión y crítica / _cAmérico Valer Vargas, Director |
||
| 260 |
_aCusco. _bPantigozo, _c2005. |
||
| 300 |
_a22 páginas. : _bilustraciones ; _c30 cm. |
||
| 440 |
_aOropesa. _nAño XXIV, N°LVI, diciembre 2005. _947589 |
||
| 505 | _aContenido: Fue inaugurado el centro recreacional magisterial Wanakawri. -- Sabemos afrontar los sismos. -- La democracia en Latinoamérica. -- Luis E. Valcárcel y la gestión publica del patrimonio cultural del Perú. -- INC continuismo o nuevo rumbo. -- Aspectos ambientales del parque arqueológico de Saqsaywaman. Eduardo Gil Mora. -- Tradicional Feria del Santuranticuy cuaqueño. Rafael Villasante Colpaert. | ||
| 650 |
_aPolítica cusqueña _947381 |
||
| 650 |
_aCultura andina _947570 |
||
| 650 |
_aSociedad cusqueña _947493 |
||
| 650 |
_aSiglo XX _947561 |
||
| 700 |
_aVillasante Colpaert, Rafael _947590 |
||
| 700 |
_aMould de Pease, Mariana _97113 |
||
| 942 |
_2ddc _cPP |
||
| 945 | _arac | ||